000 02014nam0a2200337 4500
001 RU\NLR\bibl\929307
005 20250614192218.0
021 _aRU
_b2006-11989
_9586
035 _a(NLR Aleph) 000917546
090 _a78927
_c78927
100 _a20060410d2005 |||y0rusy50 ca
101 0 _arus
102 _aRU
105 _aac |||||||||
200 1 _aТехнология высокотемпературных жидкометаллических теплоносителей и тепловых труб
_e[сборник]
_fМ.Н. Ивановский
_gГос. науч. центр Рос. Федерации - Физико-энергет. ин-т им. А.И. Лейпунского
210 _aОбнинск
_cГосударственный научный центр РФ - Физико-энергетический институт
_d2005
215 _a152, [2] с., [10] л. ил., портр.
_cил.
_d25
300 _aНа 4-й с. авт.: Засл. деят. науки и техники РФ, Лауреат Гос. премии СССР, д.т.н., проф. М.Н. Ивановский
313 _aжидкометаллические теплоносители ЯЭУ и тепловые трубы теплообменного оборудования
320 _aБиблиогр. в конце ст.
320 _aСписок печат. тр. Ивановского М.Н.: с. 146-152
606 1 _aТепловые трубы
_jСборники
_91135154
_3RU\NLR\auth\66132257
606 1 _aЯдерные силовые установки
_jСборники
_xТеплоносители жидкометаллические
_92424077
_3RU\NLR\auth\661443369
686 _aЗ368.4я43
686 _aЗ46-046-03я43
700 1 _aИвановский
_bМ. Н.
_gМихаил Николаевич
_4070
801 0 _aRU
_bNLR
_c20060410
_grcr
801 1 _aRU
_bNLR
_c20060410
942 _cBOOK
980 _aNB